Is it a capital (3 lives) - Statistics

General Stats
  • This quiz has been taken 20 times
  • The average score is 11 of 12
Answers on the Grid
Answers color-coded by a green-red scale on the quiz's grid according to % correct below.
Berlin
New York
London
Zagreb
Kyiv
Beijing
Buenos Aires
Riga
Vilnius
Tallinn
D.C.
Austin
Boston
Hong Kong
Shenzhen
Guangzhou
Yogyakarta
Galkayo
Riyadh
Tehran
 
Answer Stats
Answer % Correct
Beijing
100%
London
100%
Berlin
95%
Kyiv
95%
Riyadh
95%
Tehran
95%
Vilnius
95%
Zagreb
95%
Buenos Aires
89%
D.C.
89%
Riga
89%
Tallinn
89%
No matching quizzes found
Score Distribution
Percent of People with Each Score
Percentile by Number Answered
Your Score History
You have not taken this quiz